000 00739nam a2200265Ia 4500
003 OSt
005 20220918165013.0
006 a|||||r|||| 00| 0
007 ta
008 220917b |||||||| |||| 00| 0 eng d
020 _a0838714072
024 _a32,149
037 _cTextual
040 _aARTS
_cARTS
_beng
041 _2eng
_aeng
082 _aO111,1L92:g, L5
100 _aMurphy John V
_922052
245 0 _aDark angel
_b gothic elements in Shelley's works
260 _aLewisburg
_bBucknell Univ Press UK
_c1975
300 _a199p.
_ccm.
500 _aBib 186-94p
650 _aENGLISH LITERATURE; CRITICISM
_912992
942 _hO111,1L92:g, L5
_cTEXL
_2CC
999 _c127756
_d127756